| 000 | 01446cab a2200205 4500 | ||
|---|---|---|---|
| 001 | L129762 | ||
| 008 | 050518n2005 000 0 eng u | ||
| 035 | _a(Sirsi) u129762 | ||
| 041 | _aeng | ||
| 100 | _aNadarajah, Chitra | ||
| 245 | _aViable example set on climate change | ||
| 260 | _c2005 | ||
| 490 |
_aPlanning (for the Natural and Built Environment) _v(1618) 6 May 2005, 14-15(2) |
||
| 520 | _aProposes that planning has a crucial role to play in adapting to climate change and that spatial planning frameworks are poorly developed and unable to deal adequately with it. Examines in detail the international, four-year European Spatial Planning: Adapting to Climate Events (ESPACE) project, funded by the European Commission's INTERREG IIIB programme and the ODPM. This is the first project of its kind to focus on increasing awareness of the need to adapt to climate change and the provision of necessary policy guides, tools and mechanisms to incorporate adaptation into planning. Looks at regional planning and climate change and the Environment Agency's development of a decision-testing tool to be used with simulated future climate change scenarios. Lists the ESPACE partners. | ||
| 590 | _aIKA190505 | ||
| 690 |
_aPlanning and development _96259 |
||
| 700 | _aRankin, Jill | ||
| 856 |
_uhttps://www.espace-project.org/ _zView further information on the ESPACE project free of charge at www.espace-project.orgƯ |
||
| 942 | _n0 | ||
| 999 |
_c75257 _d75257 |
||